Jak oslovit teenagery

Mládež ako obľúbená cieľová skupina z pohľadu event marketingu. Hudobné eventy - koncerty a festivaly usporiadané spoločnosťou T-mobile. Doprovodné akcie počas koncertov. Vyhodnotenie úspešnosti eventu.

Salvato in:
Dettagli Bibliografici
Autore principale: Vychytilová, Markéta
Natura: Capitolo di libro
Lingua:ceco
Soggetti:
Tags: Aggiungi Tag
Nessun Tag, puoi essere il primo ad aggiungerne!!

MARC

LEADER 00000naa$a2200000$$$4500
001 0067712
005 20231016105740.3
041 0 |a cze 
044 |a CZ 
245 1 0 |a Jak oslovit teenagery  |c Markéta Vychytilová 
520 |a Mládež ako obľúbená cieľová skupina z pohľadu event marketingu. Hudobné eventy - koncerty a festivaly usporiadané spoločnosťou T-mobile. Doprovodné akcie počas koncertov. Vyhodnotenie úspešnosti eventu. 
610 2 0 |a marketing 
610 2 0 |a komunikácia marketingová 
610 2 0 |a stratégia marketingová 
610 2 0 |a mládež 
610 2 0 |a skupiny vekové 
610 2 0 |a firmy 
610 2 0 |a značky výrobkov 
100 1 |a Vychytilová, Markéta